Minecraft Characters - Statistics

General Stats
  • This quiz has been taken 266 times
  • The average score is 11 of 13
Answer Stats
Hint Answer % Correct
Blows up Creeper
97%
Teleports Enderman
95%
Shoots Arrows Skeleton
95%
Oink Pig
94%
Boy Steve
94%
Green blob Slime
92%
Girl Alex
91%
Undead Zombie
90%
Made out of fire Blaze
84%
Creator Notch
79%
White eyed defect Herobrine
68%
Also flies Ender Dragon
56%
Flies Bat
53%
No matching quizzes found
Score Distribution
Percent of People with Each Score
Percentile by Number Answered
Your Score History
You have not taken this quiz